| 000 | 00569nam a2200181Ia 4500 | ||
|---|---|---|---|
| 005 | 20250508162224.0 | ||
| 008 | 008 250505s9999 xx 000 0 eng d | ||
| 037 | _aTextual | ||
| 040 |
_aFEDL _beng _cFEDL |
||
| 041 |
_aeng _2eng |
||
| 084 |
_a371.97, DSO _qFEDL |
||
| 100 | _aD'Souza Victor S | ||
| 245 | 0 | _aEducational inequalities among scheduled castes: A case study in the Punjab | |
| 260 |
_aChandigarh, India _bDepartment of Sociology Panjab University _c1980 |
||
| 300 | _av,60p. | ||
| 942 |
_cTEXL _h371.97, DSO |
||
| 999 |
_c1375197 _d1375197 |
||